| 000 | 01039cam a2200301 a 4500 | ||
|---|---|---|---|
| 001 | 1163262 | ||
| 003 | SISC | ||
| 005 | 20160212093743.0 | ||
| 008 | 960705s1997 mauabf b 001 0 eng | ||
| 010 | _a 96030495 | ||
| 020 | _a9780316763837 | ||
| 040 |
_aDLC _cDLC _dDLC |
||
| 050 | 0 | 0 |
_aRA 643 _b.R93 1997 |
| 082 | 0 | 0 |
_aHS 614.4 _b.R953 1997 |
| 100 | 1 |
_aRyan, Frank, _d1944- _913397 |
|
| 245 | 1 | 0 |
_aVirus-X : _btracking the new killer plagues : out of the present and into the future / _cFrank Ryan. |
| 250 | _a1st ed. | ||
| 260 |
_aBoston : _bLittle, Brown and company, _cc1997. |
||
| 300 |
_axvii, 430 p. [8] p. of plates : _bill., map ; _c24 cm. |
||
| 500 | _aIncludes index. | ||
| 562 | _e1 | ||
| 650 | 0 |
_aCommunicable diseases _xEpidemiology. _913398 |
|
| 650 | 0 |
_aCommunicable diseases _xPopular works. _913399 |
|
| 906 |
_a7 _bcbc _corignew _d1 _eocip _f19 _gy-gencatlg |
||
| 942 |
_2lcc _cBK |
||
| 999 |
_c9373 _d9373 |
||